00492nam a2200157 a 4500001001000000003000900010005001700019008004100036020001500077040002500092100002900117245005300146260003800199300002100237500007600258000040527DO-SdBNP20220602123847.0130830s2002 dr ac 000 0 spa d a9993455210 aDO-SdBNPbspacBNPHU aGuerrero, Miguel,d1945-13aEl mundo que quedó atrás /cMiguel Guerrero. aSanto Domingo :bCorripio,c2002. a306 p. ;c23 cm. aIncluye datos biográficos del autor en la solapa de la contracubierta